The Answers to the Reasons offered by the Hamborough Company for excepting the Rivers Elbe, Weser, and Eyder out of the bill for a free trade in the woollen manufactures of England.

Bibliographic Details
Format: eBook
Language:English
Published: [Place of publication not identified] : [publisher not identified], [1694?]
Series:Making of the modern world (Goldsmiths'-Kress Library of Economic Literature)
Subjects:
Online Access:Connect to the full text of this electronic book

MARC

Tag First Indicator Second Indicator Subfields
LEADER 00000cam a2200000La 4500
001 in00002313921
005 20190326200207.0
006 m | d |
007 cr |n||||||||n
008 870817s1694 xx s 000 0 eng d
040 |a GKS  |c GKS  |d OCL  |d Thomson Gale  |d UtOrBLW 
245 0 4 |a The Answers to the Reasons offered by the Hamborough Company for excepting the Rivers Elbe, Weser, and Eyder out of the bill for a free trade in the woollen manufactures of England. 
264 1 |a [Place of publication not identified] :  |b [publisher not identified],  |c [1694?] 
300 |a 1 broadside ;  |c 34 cm. 
336 |a text  |b txt  |2 rdacontent 
337 |a computer  |b c  |2 rdamedia 
338 |a online resource  |b cr  |2 rdacarrier 
500 |a Date of printing from Kress Lib. 
500 |a Reproduction of original from Kress Library of Business and Economics, Harvard University. 
500 |a Goldsmiths'-Kress number 03011.1. 
510 4 |a OCLC,  |c 20892387 
533 |a Electronic reproduction.  |b Farmington Hills, Mich. :  |c Thomson Gale,  |d 2005.  |f (The making of the modern world).  |n Available via the World Wide Web.  |n Access limited to licensing agreements.  |7 s2005 miunns 
500 |a Electronic resource. 
610 2 0 |a Company of Merchant Adventurers of England. 
630 0 0 |a Reasons humbly offered for excepting the rivers of Elbe, Weser, and Eyder out of the bill for a general liberty of exporting the woollen manufactures of the kingdom. 
650 0 |a Wool industry  |x Law and legislation  |z Great Britain  |v Early works to 1800. 
651 0 |a Great Britain  |x Commerce  |z Germany  |v Early works to 1800. 
651 0 |a Germany  |x Commerce  |z Great Britain  |v Early works to 1800. 
655 0 |a Electronic books. 
830 0 |a Making of the modern world (Goldsmiths'-Kress Library of Economic Literature) 
856 4 0 |u http://proxy.library.tamu.edu/login?url=http://galenet.galegroup.com/servlet/MOME?af=RN&ae=U109138201&srchtp=a&ste=14&locID=txshracd2898  |z Connect to the full text of this electronic book  |t 0 
999 |a MARS 
999 f f |s cd2ab825-1fd1-302d-8d05-53ce81296475  |i aee50a81-0bf5-3d87-99dd-6cb6b2835c59  |t 0 
952 f f |a Texas A&M University  |b College Station  |c Electronic Resources  |d Available Online  |t 0  |h No information provided 
998 f f |t 0  |l Available Online